<?xml version="1.0" encoding="UTF-8"?>
<record
    xmlns:xsi="http://www.w3.org/2001/XMLSchema-instance"
    xsi:schemaLocation="http://www.loc.gov/MARC21/slim http://www.loc.gov/standards/marcxml/schema/MARC21slim.xsd"
    xmlns="http://www.loc.gov/MARC21/slim">

  <leader>00798nam a22002057a 4500</leader>
  <controlfield tag="005">20230703140653.0</controlfield>
  <controlfield tag="008">230703b           ||||| |||| 00| 0 eng d</controlfield>
  <datafield tag="040" ind1=" " ind2=" ">
    <subfield code="c">AL</subfield>
  </datafield>
  <datafield tag="041" ind1=" " ind2=" ">
    <subfield code="a">mal</subfield>
  </datafield>
  <datafield tag="082" ind1=" " ind2=" ">
    <subfield code="2">23</subfield>
    <subfield code="a">894.8123</subfield>
    <subfield code="b">KANA</subfield>
  </datafield>
  <datafield tag="100" ind1=" " ind2=" ">
    <subfield code="a">Moidu Kannankandy: &#xD2E;&#xD4A;&#xD2F;&#xD4D;&#x200C;&#xD26;&#xD41; &#xD15;&#xD23;&#xD4D;&#xD23;&#xD19;&#xD4D;&#xD15;&#xD23;&#xD4D;&#xD1F;&#xD3F; </subfield>
    <subfield code="9">125293</subfield>
  </datafield>
  <datafield tag="245" ind1=" " ind2=" ">
    <subfield code="a">Aayussinte Avakasikal: </subfield>
    <subfield code="b">&#xD06;&#xD2F;&#xD41;&#xD38;&#xD4D;&#xD38;&#xD3F;&#xD28;&#xD4D;&#xD31;&#xD46; &#xD05;&#xD35;&#xD15;&#xD3E;&#xD36;&#xD3F;&#xD15;&#xD7E; </subfield>
  </datafield>
  <datafield tag="260" ind1=" " ind2=" ">
    <subfield code="a">Calicut</subfield>
    <subfield code="b">Pappiyon</subfield>
    <subfield code="c">2001</subfield>
  </datafield>
  <datafield tag="300" ind1=" " ind2=" ">
    <subfield code="a">82p.</subfield>
    <subfield code="b">PB</subfield>
    <subfield code="c">22x14cm.</subfield>
  </datafield>
  <datafield tag="365" ind1=" " ind2=" ">
    <subfield code="2">Malayalam</subfield>
  </datafield>
  <datafield tag="650" ind1=" " ind2=" ">
    <subfield code="a">Malayalam Fiction: &#xD2E;&#xD32;&#xD2F;&#xD3E;&#xD33;&#xD02; &#xD2B;&#xD3F;&#xD15;&#xD4D;&#xD37;&#xD7B; </subfield>
    <subfield code="9">125290</subfield>
  </datafield>
  <datafield tag="650" ind1=" " ind2=" ">
    <subfield code="a">Malayalam Novel: &#xD2E;&#xD32;&#xD2F;&#xD3E;&#xD33;&#xD02; &#xD28;&#xD4B;&#xD35;&#xD7D; </subfield>
    <subfield code="9">125291</subfield>
  </datafield>
  <datafield tag="700" ind1=" " ind2=" ">
    <subfield code="a">KANNANKANDY (Moidu): &#xD15;&#xD23;&#xD4D;&#xD23;&#xD19;&#xD4D;&#xD15;&#xD23;&#xD4D;&#xD1F;&#xD3F; (&#xD2E;&#xD4A;&#xD2F;&#xD4D;&#x200C;&#xD26;&#xD41;)</subfield>
    <subfield code="9">125292</subfield>
  </datafield>
  <datafield tag="942" ind1=" " ind2=" ">
    <subfield code="2">ddc</subfield>
    <subfield code="c">DB</subfield>
  </datafield>
  <datafield tag="999" ind1=" " ind2=" ">
    <subfield code="c">227733</subfield>
    <subfield code="d">227733</subfield>
  </datafield>
  <datafield tag="952" ind1=" " ind2=" ">
    <subfield code="0">0</subfield>
    <subfield code="1">0</subfield>
    <subfield code="2">ddc</subfield>
    <subfield code="4">0</subfield>
    <subfield code="7">0</subfield>
    <subfield code="8">OTH</subfield>
    <subfield code="a">AL</subfield>
    <subfield code="b">AL</subfield>
    <subfield code="d">2023-06-14</subfield>
    <subfield code="l">0</subfield>
    <subfield code="o">894.8123 KANA</subfield>
    <subfield code="p">D05801</subfield>
    <subfield code="r">2023-07-03 00:00:00</subfield>
    <subfield code="w">2023-07-03</subfield>
    <subfield code="y">DB</subfield>
    <subfield code="z">Donated by Sara Abubakkar</subfield>
  </datafield>
</record>
